A preliminary report on the geology of the Gulf Tertiary of Texas from Red River to the Rio Grande. (Record no. 24207)
[ view plain ]
| 000 -LEADER | |
|---|---|
| fixed length control field | 00898cam a22002651 4500 |
| 001 - CONTROL NUMBER | |
| control field | gs 05000323 |
| 003 - CONTROL NUMBER IDENTIFIER | |
| control field | DLC |
| 005 - DATE AND TIME OF LATEST TRANSACTION | |
| control field | 20260227111301.0 |
| 008 - FIXED-LENGTH DATA ELEMENTS--GENERAL INFORMATION | |
| fixed length control field | 760510s1890 txua s000 0 eng |
| 010 ## - LIBRARY OF CONGRESS CONTROL NUMBER | |
| LC control number | gs 05000323 |
| 035 ## - SYSTEM CONTROL NUMBER | |
| System control number | (OCoLC)2167857 |
| 040 ## - CATALOGING SOURCE | |
| Original cataloging agency | DLC |
| Transcribing agency | GAT |
| Modifying agency | OCoLC |
| -- | DLC |
| 042 ## - AUTHENTICATION CODE | |
| Authentication code | premarc |
| 050 00 - LIBRARY OF CONGRESS CALL NUMBER | |
| Classification number | QE167 |
| Item number | .P5 |
| 100 1# - MAIN ENTRY--PERSONAL NAME | |
| Personal name | Penrose, Richard Alexander Fullerton, |
| Dates associated with a name | 1863- |
| 245 12 - TITLE STATEMENT | |
| Title | A preliminary report on the geology of the Gulf Tertiary of Texas from Red River to the Rio Grande. |
| Statement of responsibility, etc. | By R. A. F. Penrose, jr. |
| 260 ## - PUBLICATION, DISTRIBUTION, ETC. | |
| Place of publication, distribution, etc. | Austin, |
| Name of publisher, distributor, etc. | State Printing Office, |
| Date of publication, distribution, etc. | 1890. |
| 300 ## - PHYSICAL DESCRIPTION | |
| Extent | 101 p. |
| Other physical details | illus. |
| Dimensions | 25 cm. |
| 500 ## - GENERAL NOTE | |
| General note | Cover-title. |
| 500 ## - GENERAL NOTE | |
| General note | At head of title: Geological Survey of Texas. |
| 500 ## - GENERAL NOTE | |
| General note | "From First Annual report, l889." |
| 650 #0 - SUBJECT ADDED ENTRY--TOPICAL TERM | |
| Topical term or geographic name entry element | Geology |
| Geographic subdivision | Texas. |
| 650 #0 - SUBJECT ADDED ENTRY--TOPICAL TERM | |
| Topical term or geographic name entry element | Geology, Stratigraphic |
| Chronological subdivision | Tertiary. |
| 650 #0 - SUBJECT ADDED ENTRY--TOPICAL TERM | |
| Topical term or geographic name entry element | Mines and mineral resources |
| Geographic subdivision | Texas. |
No items available.